Love life for every married couple: (Record no. 14677)

000 -LEADER
fixed length control field 00685nam a2200217 a 4500
001 - CONTROL NUMBER
control field :::00012510$&:&@@
003 - CONTROL NUMBER IDENTIFIER
control field OkBaRHE
005 - DATE AND TIME OF LATEST TRANSACTION
control field 20000607103420.0
008 - FIXED-LENGTH DATA ELEMENTS--GENERAL INFORMATION
fixed length control field s1980 j 000 0 eng u
040 ## - CATALOGING SOURCE
Transcribing agency
100 1# - MAIN ENTRY--PERSONAL NAME
Personal name Wheat, Ed.
245 10 - TITLE STATEMENT
Title Love life for every married couple:
Remainder of title how to fall in love, stay in love, rekindle your love.
260 ## - PUBLICATION, DISTRIBUTION, ETC. (IMPRINT)
Place of publication, distribution, etc Grand Rapids, MI., :
Name of publisher, distributor, etc Zondervan Publishing House
Date of publication, distribution, etc c1980
300 ## - PHYSICAL DESCRIPTION
Extent 251 p. ;
Dimensions 20 cm.
650 ## - SUBJECT ADDED ENTRY--TOPICAL TERM
Topical term or geographic name as entry element Christian Life
650 ## - SUBJECT ADDED ENTRY--TOPICAL TERM
Topical term or geographic name as entry element Love
650 ## - SUBJECT ADDED ENTRY--TOPICAL TERM
Topical term or geographic name as entry element Marriage
650 ## - SUBJECT ADDED ENTRY--TOPICAL TERM
Topical term or geographic name as entry element Sex in Marriage
942 ## - ADDED ENTRY ELEMENTS (KOHA)
Source of classification or shelving scheme
Koha item type Books
Copies
Date checked out Total Checkouts Price effective from Withdrawn status Copy number Lost status Not for loan Current Location Koha item type Full call number Barcode Permanent Location Date last seen Source of classification or shelving scheme Damaged status Shelving location Date acquired
2012-01-1012010-04-14 1  RHEMA Bible Training CollegeBooksHQ 734 .W52312510RHEMA Bible Training College2012-01-12  General Stacks2010-04-14